000 00516nam a2200169 a 4500
005 20140310183318.0
008 970101s19uu xx 00 eng d
050 _aQA 76.9.D3
_b.Si568 1985
245 _aSidekick plus. Owner's handbook :
_bthe desktop organizer just a keystroke away.
250 _a2nd ed.
260 _aScotts Valley, CA :
_bBorland International,
_c1985.
300 _a122 p. :
_bill. ;
_c20 cm.
521 _aIT
650 _aWindows(Computer file).
942 _cBK
_2lcc
_kFOR
999 _c21335
_d21335